000 00461nam a2200169Ia 4500
008 090711s9999 xx 000 0 und d
082 _b42191
100 _aजोगळेकर योगिनी
245 _aशर्यत
260 _c1980
300 _a188
600 _aजोगळेकर योगिनी
630 _aशर्यत
700 _aजोगळेकर योगिनी
730 _aशर्यत
942 _cBOOK
999 _c313233
_d313233